000 00896nam a2200253Ia 4500
003 OSt
005 20221005112243.0
006 a|||||r|||| 00| 0
007 ta
008 221004b |||||||| |||| 00| 0 pan d
020 _a9788189284930 (hbk)
_c160
024 _a6906
037 _b686, 12/06/2013, H.K. Prakashan
_cTextual
040 _aCRL
_cCRL
_bpan
041 _2pan
_apan
082 _aO153,1:gL, Q3
100 _aਚਹਿਲ, ਜੋਧ ਸਿੰਘ
245 0 _aਹੀਰ ਮੁਕਬਲ ਵਿਚ ਪੰਜਾਬੀ ਸਭਿਆਚਾਰ
260 _aਅੰਮ੍ਰਿਤਸਰ
_bਰੁਹੀ ਪ੍ਰਕਾFਨ ਭਾਰਤ
_c2013
300 _a112ਪੰ
_ccm.
650 _aਪੰਜਾਬੀ ਸਾਹਿਤ
942 _hO153,1:gL, Q3
_cTEXL
_2cc
999 _c1024339
_d1024339